Titres de chansons de Francis Cabrel - Clic Quiz - Statistiques

Statistiques générales
  • Ce quiz a été pris 756 fois
  • Le résultat moyen est 18 sur 20
Statistiques - réponses
Hint Réponse % Correct
Encore et Encore
98%
Je l'aime à Mourir
98%
Il faudra leur Dire
96%
La cabane du Pêcheur
96%
La Corrida
95%
Petite Marie
95%
Saïd et Mohamed
95%
Samedi soir sur la Terre
95%
L'encre de tes Yeux
95%
Assis sur le rebord du Monde
93%
Tout le monde y Pense
93%
Partis pour Rester
90%
La dame de Haute-Savoie
89%
C'est Ecrit
86%
Les murs de Poussière
86%
Des hommes Pareils
85%
Gardien de Nuit
83%
C'était L'hiver
78%
La robe et L'échelle
77%
La fille qui M'accompagne
70%
Aucun quiz correspondant
Distribution des résultats
% des personnes avec chaque résultat
Percentile par nombre de réponses
Votre historique - résultats
Vous n’avez pas pris ce quiz